000 00619nam a2200193 a 4500
005 20221125063741.0
008 060308s2005 mx r 000 0 spa d
020 _a9707732059
035 _aUPN01000143058
049 _aCG
050 4 _aHF5681 B2
_bR6.2
100 1 _aRomán Brito, Tomás
245 1 0 _aAnálisis e interpretación de estados financieros y de estados cuantitativos /
_cTomás Román Brito.
260 _aMéxico :
_bInnovación Editorial Lagares de México,
_c2005.
300 _a77 p. :
_bgráfs., tablas
650 4 _aESTADOS FINANCIEROS
_98731
650 2 _aContabilidad
_98728
905 _aLibro
999 _c115205
_d115205